[Event "CZE-tht Extraliga 2018-19"]
[Site "Czech Republic"]
[Date "2018.11.04"]
[Round "2"]
[White "Babula, Vlastimil"]
[Black "Caletka, Radomir"]
[Result "1/2-1/2"]
[WhiteElo "2522"]
[BlackElo "2305"]
[Annotator "TA"]
[PlyCount "83"]
[EventDate "2018.11.03"]
[EventType "team-tourn"]
[EventCountry "CZE"]
[SourceTitle "playchess.com"]
[Source "ChessBase"]
[SourceQuality "1"]
[WhiteTeam "1. Novoborský ŠK"]
[BlackTeam "ŠK Slavoj Poruba"]

{[%evp 22,83,0,0,7,0,0,0,60,60,62,60,49,34,63,91,172,160,253,262,280,183,283,275,327,327,291,281,306,241,438,353,408,233,379,371,837,612,618,263,203,102,55,54,85,106,106,0,58,0,58,0,0,0,0,0,0,0,0,0,0,0,0,0]} 1. d4 Nf6 2. c4 e6 3. Nc3 Bb4 4. e3 O-O 5. Bd3 d5 6. Nf3 c5 7. O-O cxd4 8. exd4 dxc4 9. Bxc4 b6 10. Bg5 Bb7 11. Re1 Nbd7 12. Rc1 {LiveBook: 229 Games} Qb8 {E54: Nimzo-Indian: Rubinstein: Main Line: 7...dxc4 8 Bxc4} (12... Rc8 13. Bd3 h6 14. Bh4 a6 15. Qe2 b5 16. Ne5 Be7 17. Bg3 b4 18. Na4 Nxe5 19. dxe5 Nd5 20. Bxa6 Bxa6 21. Qxa6 {½-½ (33) Korobov,A (2692)-Anand,V (2779) Doha 2016}) 13. Bb3 $146 ({Predecessor:} 13. Ne5 Bxc3 14. Nxd7 Nxd7 15. bxc3 Qc7 16. Bd3 Rfe8 17. Re3 Nf8 18. Rg3 Rac8 19. h4 Kh8 20. h5 {1-0 (36) Neverov,V (2541)-Anapolsky,S (2448) Ordzhonikidze 2000}) 13... Rc8 14. Qd3 a6 (14... Qd6 $11) 15. Ne5 $1 $14 {[%cal Re5f7]} Nxe5 16. dxe5 Ne8 17. a3 Bf8 18. h4 Bc6 (18... b5 $16 {was worth a try.}) 19. h5 $40 {[%mdl 128] White is out for blood.} Qb7 {[#]} (19... Ra7 $16 20. Bc2 g6) 20. Bc2 $1 $18 {[%csl Gc2][%cal Rd3h7]} g6 21. hxg6 hxg6 (21... fxg6 {might work better.} 22. Qh3 Qf7) 22. Qh3 Bg7 23. Re3 b5 24. Rce1 Rab8 25. Bb1 a5 $2 (25... Bd5 26. Nxd5 Qxd5) 26. Ne2 b4 27. axb4 (27. Nf4 $142 {Black must now prevent Qh4.} bxa3 28. bxa3) 27... Qxb4 (27... Bxg2 {was necessary.} 28. Qxg2 Qxg2+ 29. Kxg2 Rxb4) 28. Nf4 Qb7 $2 (28... Nc7 29. Nxg6 Nd5) 29. Qh4 Qxb2 {[#]} 30. Bxg6 (30. Nxg6 $142 $1 {[%mdl 512]} fxg6 31. Bxg6) 30... fxg6 31. Nxg6 (31. Qh3 $18 Qa2 32. Ra3) 31... Rc7 $16 32. Rh3 {[%mdl 1024] White has compensation.} Qb4 33. Qh7+ Kf7 34. Nh8+ Kf8 35. Ng6+ (35. Rhe3 $5 {[%cal Rh8g6]}) 35... Kf7 36. Rc1 (36. Rhe3 $1 $14) 36... Be4 $11 {The position is equal.} 37. Rf3+ Bxf3 38. Nh8+ Kf8 39. Ng6+ Kf7 40. Nh8+ Kf8 {( -> ...Rxc1+)} 41. Ng6+ Kf7 42. Nh8+ {Precision: White = 56%, Black = 39%.} 1/2-1/2

[Event "CZE-tht Extraliga 2018-19"]
[Site "Czech Republic"]
[Date "2018.11.04"]
[Round "2"]
[White "Shengelia, David"]
[Black "Smirin, Ilia"]
[Result "1/2-1/2"]
[WhiteElo "2512"]
[BlackElo "2594"]
[Annotator "RC"]
[PlyCount "83"]
[EventDate "2018.11.03"]
[EventType "team-tourn"]
[EventCountry "CZE"]
[SourceTitle "playchess.com"]
[Source "ChessBase"]
[SourceQuality "1"]
[WhiteTeam "ŠK DURAS BVK Královo Pole"]
[BlackTeam "GASCO Pardubice"]
[TimeControl "40/5400+30:1800+30"]

1. d4 {[%emt 0:00:00]} Nf6 {[%emt 0:00:00]} 2. c4 {[%emt 0:00:00]} g6 {[%emt 0:00:00]} 3. Nf3 {[%emt 0:00:11]} Bg7 {[%emt 0:00:12]} 4. g3 {[%emt 0:00:27]} O-O {[%emt 0:00:14]} 5. Bg2 {[%emt 0:00:04]} d6 {[%emt 0:00:03]} 6. O-O {[%emt 0:00:49]} Nc6 {[%emt 0:00:07]} 7. Nc3 {[%emt 0:00:24]} Bf5 {[%emt 0:00:32]} 8. d5 {[%emt 0:02:00]} Na5 {[%emt 0:00:09]} 9. Nd4 {[%emt 0:00:58]} Bd7 {[%emt 0:00:12]} 10. b3 {[%emt 0:00:28]} c5 {[%emt 0:00:30]} 11. dxc6 {[%emt 0:00:23]} bxc6 {[%emt 0:00:07]} 12. e4 {[%emt 0:00:15]} Qc8 {[%emt 0:02:17]} 13. Re1 {[%emt 0:06:09]} e5 {[%emt 0:02:14]} 14. Nc2 {[%emt 0:12:47]} Nb7 {[%emt 0:00:07]} 15. Ba3 {[%emt 0:06:10]} Rd8 {[%emt 0:01:36]} 16. Ne3 {[%emt 0:02:46]} Bh3 {[%emt 0:02:12]} 17. Bxh3 {[%emt 0:04:54]} Qxh3 {[%emt 0:00:08]} 18. Qf3 {[%emt 0:00:07]} h5 {[%emt 0:07:21]} 19. Rad1 {[%emt 0:01:20]} Nh7 {[%emt 0:00:58]} 20. Qg2 {[%emt 0:15:37]} Qc8 {[%emt 0:02:32]} 21. h4 {[%emt 0:13:28]} Nf8 {[%emt 0:01:39]} 22. g4 {[%emt 0:00:59]} Ne6 {[%emt 0:00:31]} 23. Ne2 {[%emt 0:00:08]} Nf4 {[%emt 0:18:23]} 24. Qg3 {[%emt 0:05:34]} Bh6 {[%emt 0:00:49]} 25. g5 {[%emt 0:01:53]} Nxe2+ {[%emt 0:02:30]} 26. Rxe2 {[%emt 0:00:03]} Bf8 {[%emt 0:01:24]} 27. Red2 {[%emt 0:05:47]} Qc7 {[%emt 0:04:55]} 28. c5 {[%emt 0:02:55]} Nxc5 {[%emt 0:06:09]} 29. Bxc5 {[%emt 0:00:34]} dxc5 {[%emt 0:00:07]} 30. Rxd8 {[%emt 0:01:46]} Rxd8 {[%emt 0:00:06]} 31. Rxd8 {[%emt 0:00:04]} Qxd8 {[%emt 0:00:04]} 32. Qxe5 {[%emt 0:00:13]} Qd3 {[%emt 0:07:28]} 33. Kg2 {[%emt 0:06:46]} Qb1 {[%emt 0:00:30]} 34. Qe8 {[%emt 0:03:28]} Qxa2 {[%emt 0:00:28]} 35. Qxc6 {[%emt 0:00:37]} Qxb3 {[%emt 0:00:06]} 36. Nd5 {[%emt 0:00:19]} Qb8 {[%emt 0:19:18]} 37. Nf6+ {[%emt 0:00:09]} Kg7 {[%emt 0:00:31]} 38. Ne8+ {[%emt 0:00:29]} Kh8 {[%emt 0:00:32]} 39. Qd7 {[%emt 0:03:26]} Qf4 {[%emt 0:03:10]} 40. Nf6 {[%emt 0:00:19]} Kg7 {[%emt 0:00:06]} 41. Ne8+ {[%emt 0:30:19]} Kh8 {[%emt 0:30:12]} 42. Nf6 {[%emt 0:00:16]} 1/2-1/2

[Event "CZE-tht Extraliga 2018-19"]
[Site "Czech Republic"]
[Date "2018.11.04"]
[Round "2"]
[White "LYS7 Oral Tomas GM"]
[Black "TES5 Langner Ladislav IM"]
[Result "*"]
[WhiteElo "2509"]
[BlackElo "2397"]
[Annotator "TA"]
[PlyCount "25"]
[EventDate "2018.11.03"]
[EventType "team-tourn"]
[EventCountry "CZE"]
[SourceTitle "playchess.com"]
[Source "ChessBase"]
[SourceQuality "1"]

{[%evp 16,18,53,54,75]} 1. e4 g6 2. d4 Bg7 3. Nc3 c6 4. Nf3 d5 5. Bf4 Bg4 (5... dxe4 6. Nxe4 Nf6 7. Nxf6+ exf6 8. Qd2 O-O 9. O-O-O Bg4 10. Kb1 Nd7 11. h3 Be6 12. c4 a5 13. g4 Nb6 14. Qc2 {½-½ (58) Saric,I (2677)-Jovanovic,Z (2536) Pozega 2018}) 6. h3 {B15: Caro-Kann: 3 Nc3: 3...g6 and 3...dxe4 4 Nxe4 Nf6 5 Nxf6+ exf6} Bxf3 7. Qxf3 dxe4 8. Nxe4 Qxd4 9. c3 {LiveBook: 3 Games} Qb6 {Predecessor:} 10. Bc4 $146 Nf6 11. Nd6+ exd6 12. Bxd6 Nbd7 13. Qe2+ {1-0 (29) Oral,T (2509)-Langner,L (2397) Czech Republic 2018} *

[Event "CZE-tht Extraliga 2018-19"]
[Site "Czech Republic"]
[Date "2018.11.04"]
[Round "2"]
[White "Oral, Tomas"]
[Black "Langner, Ladislav"]
[Result "1-0"]
[WhiteElo "2509"]
[BlackElo "2397"]
[Annotator "TA"]
[PlyCount "57"]
[EventDate "2018.11.03"]
[EventType "team-tourn"]
[EventCountry "CZE"]
[SourceTitle "playchess.com"]
[Source "ChessBase"]
[SourceQuality "1"]
[WhiteTeam "Výstavište Lysá nad Labem"]
[BlackTeam "Slavoj Ceský Tešín"]

{[%evp 15,57,41,51,45,93,80,71,-61,-66,-73,-65,0,-80,-80,0,-130,0,0,35,32,34,19,208,184,197,201,206,218,306,291,461,449,766,755,722,725,724,728,708,704,769,762,736,735]} 1. e4 g6 2. d4 Bg7 3. Nc3 c6 4. Nf3 d5 5. Bf4 Bg4 (5... dxe4 6. Nxe4 Nf6 7. Nxf6+ exf6 8. Qd2 O-O 9. O-O-O Bg4 10. Kb1 Nd7 11. h3 Be6 12. c4 a5 13. g4 Nb6 14. Qc2 {½-½ (58) Saric,I (2677)-Jovanovic,Z (2536) Pozega 2018}) 6. h3 {B15: Caro-Kann: 3 Nc3: 3...g6 and 3...dxe4 4 Nxe4 Nf6 5 Nxf6+ exf6} Bxf3 7. Qxf3 dxe4 8. Nxe4 Qxd4 {LiveBook: 3 Games} 9. c3 Qb6 10. Bc4 Nf6 11. Nd6+ $146 (11. O-O-O $16) ({Predecessor:} 11. Nxf6+ Bxf6 12. O-O-O O-O 13. h4 {1-0 (25) Groszpeter,A (2540)-Boguszlavszkij,J (2304) Hungary 2008}) 11... exd6 $15 12. Bxd6 Nbd7 $1 {aiming for ...0-0-0.} 13. Qe2+ Kd8 {White must now prevent ...Re8.} 14. Bxf7 Qb5 (14... Bf8 $1 $17 {[%cal Rf8d6]} 15. Bg3 Qb5) 15. Qe7+ $1 $14 (15. Bc4 Qf5 $17) 15... Kc8 {Hoping for ...Bf8.} 16. Be6 {Threatens to win with 0-0-0.} Qd3 17. Bxd7+ $1 (17. Qxg7 $2 Re8 $19) 17... Nxd7 18. Rd1 {[#]} Qc4 $2 (18... Bxc3+ $1 $11 {and Black stays safe.} 19. bxc3 Qxc3+ 20. Kf1 Qf6) 19. Qxg7 Re8+ 20. Kd2 {[%cal Be1d2,Bd2c1,Bc1c2,Bc2d3][%mdl 32] And now Rhe1 would win.} Qxa2 {[#]} 21. Kc1 $1 $40 {[%mdl 128] Strongly threatening Rhe1. White wants a kill.} Qa1+ (21... b6 $142) 22. Kc2 $18 Re2+ (22... Qa4+ $142 23. Kb1 Qe4+ 24. Kc1 b6 25. Qxh7 g5) 23. Kd3 {White threatens Qh8+ and mate.White is clearly winning.} Qxb2 (23... Qa6+ $142 24. c4 Re8) 24. Qg8+ Nf8 25. Qxf8+ Kd7 26. Qf7+ Kxd6 {[#]} 27. Kc4+ $1 Rd2 28. Qf4+ Ke7 29. Qg5+ {Precision: White = 79%, Black = 43%.} 1-0

[Event "CZE-tht Extraliga 2018-19"]
[Site "Czech Republic"]
[Date "2018.11.04"]
[Round "2"]
[White "Stohl, Igor"]
[Black "Simacek, Pavel"]
[Result "1/2-1/2"]
[WhiteElo "2500"]
[BlackElo "2502"]
[Annotator "TA"]
[PlyCount "80"]
[EventDate "2018.11.03"]
[EventType "team-tourn"]
[EventCountry "CZE"]
[SourceTitle "playchess.com"]
[Source "ChessBase"]
[SourceQuality "1"]
[WhiteTeam "Moravská Slavia Brno"]
[BlackTeam "ŠK ZIKUDA Turnov"]

{[%evp 14,80,0,0,13,4,14,16,20,10,12,9,13,14,15,14,16,10,14,12,30,16,31,15,33,24,31,17,18,11,11,8,12,0,0,0,51,13,13,3,25,9,9,0,0,0,0,0,0,0,0,0,0,0,0,0,0,0,0,0,0,0,0,0,0,0,0,0,0]} 1. d4 Nf6 2. Bg5 g6 3. Bxf6 exf6 4. e3 Bg7 5. g3 d5 6. Bg2 O-O 7. Ne2 {A45: Trompowsky Attack} c6 8. Nd2 {LiveBook: 16 Games} (8. O-O Nd7 9. Nd2 f5 10. c4 Nf6 11. Nf4 Re8 12. Rc1 Be6 13. cxd5 Nxd5 14. Nxe6 Rxe6 {½-½ (38) Harika,D (2507)-Dzagnidze,N (2550) Khanty-Mansiysk 2014}) 8... Bg4 9. h3 Bxe2 10. Qxe2 f5 11. O-O Qe7 $146 ({Predecessor:} 11... Nd7 12. c4 Nf6 13. cxd5 Nxd5 {1-0 (48) Lugovoy,D (2138)-Huryn,V (1953) Minsk 2018}) 12. Qd3 Nd7 {[%cal Bb8d7,Bd7f6,Bf6e4][%mdl 32]} 13. c4 dxc4 14. Nxc4 Nf6 15. Rab1 Rfd8 16. b4 Ne4 17. Rfc1 Rac8 18. Na5 h5 19. h4 Rc7 20. a3 Bh6 {[#] ...Nxg3! is the strong threat.} 21. Bxe4 fxe4 22. Qe2 Bf8 23. Nb3 Qe6 24. Nc5 Bxc5 (24... Qf5 $11) 25. Rxc5 (25. bxc5 {feels hotter.} Qf5 26. Kg2 f6 27. Rh1 Kg7 28. Rb2) 25... Rd5 26. Qc2 Rxc5 27. dxc5 $11 {[%mdl 4096] Endgame KQR-KQR} Rd7 {The position is equal.} 28. Rd1 Rd5 29. Rxd5 Qxd5 {KQ-KQ} 30. Qc3 b6 31. cxb6 axb6 32. Kg2 b5 33. Qc2 Kf8 34. a4 bxa4 35. Qxa4 Ke7 36. Qa7+ Ke6 37. Qc7 Qb5 38. Qc8+ Ke7 $1 39. Qc7+ Ke6 40. Qc8+ Ke7 $1 {Precision: White = 55%, Black = 75%.} 1/2-1/2

[Event "CZE-tht Extraliga 2018-19"]
[Site "Czech Republic"]
[Date "2018.11.04"]
[Round "2"]
[White "Rogozenco, Dorian"]
[Black "Wiewiora, Eneasz"]
[Result "1-0"]
[WhiteElo "2495"]
[BlackElo "2347"]
[Annotator "TA"]
[PlyCount "71"]
[EventDate "2018.11.03"]
[EventType "team-tourn"]
[EventCountry "CZE"]
[SourceTitle "playchess.com"]
[Source "ChessBase"]
[SourceQuality "1"]
[WhiteTeam "Výstavište Lysá nad Labem"]
[BlackTeam "Slavoj Ceský Tešín"]

{[%evp 26,71,0,0,50,62,95,93,84,66,106,124,214,233,230,223,245,256,352,345,370,334,569,569,569,475,565,538,602,473,591,527,731,445,716,685,853,822,772,719,2185,2163,2068,1895,4827,4814,2790,2412]} 1. d4 d5 2. Nf3 Nf6 3. c4 e6 4. g3 Be7 5. Bg2 O-O 6. O-O dxc4 7. Qc2 a6 8. a4 Bd7 9. Rd1 Bc6 10. Nc3 Bxf3 11. Bxf3 Nc6 12. Bxc6 bxc6 13. a5 Rb8 {E05: Katalanisch} 14. Qa4 {LiveBook: 17 Partien} (14. Ra4 Rb4 15. Na2 Rxa4 16. Qxa4 h6 17. Qxc4 Qd5 18. Qxd5 cxd5 19. Rd2 Rb8 20. Rc2 Rb5 21. Bd2 {½-½ (56) Svane,R (2595)-Leko,P (2690) Douglas 2018}) 14... Nd5 $146 ({Vorgänger:} 14... Bb4 15. Na2 Be7 16. Qxc4 Qd5 17. Qxd5 cxd5 18. b4 Ne4 19. Bf4 Bxb4 20. Bxc7 Rb5 21. Nxb4 Rxb4 {1-0 (53) Atalik,S (2512)-Karavade,E (2399) Veliko Gradiste 2018}) 15. Qxc4 Nxc3 {Weiß steht etwas besser.} 16. bxc3 Qd5 17. Qxa6 {Dd3 ist eine echte Drohung.} Rb5 18. Bf4 Bd6 {[#]} (18... h5 $16 {ist eine bessere Verteidigung.} 19. Rdc1 (19. Bxc7 Qe4 $16) 19... Qe4) 19. Bxd6 $1 $18 cxd6 20. Rdb1 h5 21. Rxb5 cxb5 {[%mdl 4096] Endspiel KDT-KDT} 22. Qb6 h4 23. a6 h3 $2 {[#]} (23... Qe4 24. Qxb5 h3) 24. Qb7 {Weiß steht klar auf Gewinn.} Ra8 25. Qxd5 exd5 {KT-KT} 26. f3 f5 27. Kf2 Kf7 28. Ke3 g5 29. Kd3 Ke6 (29... Ra7 $142 30. g4 fxg4 31. fxg4 Ke6) 30. a7 Kd7 31. e4 dxe4+ 32. fxe4 Ke6 33. exf5+ Kxf5 34. Kc2 Ke4 35. Kb3 Kf3 36. Ra2 {Precision: Weiß = 98%, Schwarz = 24%.} 1-0

[Event "CZE-tht Extraliga 2018-19"]
[Site "Czech Republic"]
[Date "2018.11.04"]
[Round "2"]
[White "Jaracz, Pawel"]
[Black "Vojta, Tomas"]
[Result "1/2-1/2"]
[WhiteElo "2466"]
[BlackElo "2354"]
[Annotator "TA"]
[PlyCount "61"]
[EventDate "2018.11.03"]
[EventType "team-tourn"]
[EventCountry "CZE"]
[SourceTitle "playchess.com"]
[Source "ChessBase"]
[SourceQuality "1"]
[WhiteTeam "ŠK ZIKUDA Turnov"]
[BlackTeam "Moravská Slavia Brno"]

{[%evp 25,61,-18,-14,-11,-16,-36,-33,-65,-53,-59,-42,-61,-55,-53,-47,-43,-26,-48,-4,-8,0,0,-2,-5,0,0,0,0,0,0,0,0,0,0,0,0,0,0]} 1. Nf3 Nf6 2. c4 c5 3. Nc3 Nc6 4. g3 d5 5. cxd5 Nxd5 6. Bg2 Nc7 7. d3 e5 8. Nd2 {[%cal Bf3d2,Bd2c4,Bc4e3,Be3d5][%mdl 32]} Bd7 9. O-O Be7 10. Nc4 f6 11. f4 b5 12. Ne3 exf4 13. gxf4 O-O {LiveBook: 17 Games. A34: Symmetrical English: 2 Nc3, lines with ...d5} 14. a4 (14. f5 Kh8 15. Ned5 Nxd5 16. Nxd5 Bd6 17. e4 Be8 18. Be3 Bf7 19. Rc1 Bxd5 20. exd5 Nd4 21. Be4 {1-0 (34) Kozul,Z (2588)-Negi,P (2633) Graz 2014}) 14... b4 15. Ncd5 Rc8 {Black is slightly better.} 16. Nxc7 Qxc7 17. Nd5 Qd8 18. e4 Be6 19. Be3 {[#]} Nd4 $146 ({Predecessor:} 19... Bd6 20. b3 Ne7 21. Nxe7+ Qxe7 22. Qc2 {0-1 (44) Grinev,V (2433)-Quparadze,G (2516) Konya 2017}) 20. Rc1 Qd7 21. f5 Bxd5 22. exd5 {The position is equal.} Bd6 23. Bxd4 $1 cxd4 24. Rc6 Rfe8 25. Be4 Qe7 26. Qc2 Rcd8 {[%cal Bc8d8,Bd8d7,Bd7c7][%mdl 32]} 27. b3 Qe5 28. Qg2 Kh8 29. Rf3 Rd7 30. Kh1 Rc7 31. Rf2 {Precision: White = 80%, Black = 91%.} 1/2-1/2

[Event "CZE-tht Extraliga 2018-19"]
[Site "Czech Republic"]
[Date "2018.11.04"]
[Round "2"]
[White "Rasik, Vitezslav"]
[Black "Bernasek, Jan"]
[Result "1/2-1/2"]
[WhiteElo "2458"]
[BlackElo "2477"]
[Annotator "TA"]
[PlyCount "57"]
[EventDate "2018.11.03"]
[EventType "team-tourn"]
[EventCountry "CZE"]
[SourceTitle "playchess.com"]
[Source "ChessBase"]
[SourceQuality "1"]
[WhiteTeam "Labortech Ostrava"]
[BlackTeam "Siesta Solution Unichess A"]

{[%evp 24,57,0,0,0,0,0,0,0,0,0,2,16,15,13,13,14,22,22,27,37,18,17,16,41,19,24,14,14,15,8,12,15,0,19,0]} 1. e4 c5 2. Nf3 Nc6 3. Bb5 g6 4. Bxc6 bxc6 5. O-O Bg7 6. Re1 Nh6 7. c3 O-O 8. d4 cxd4 9. cxd4 d5 10. e5 {B31: Sizilianisch (Rossolimo-Variante)} f6 11. e6 (11. Qc2 Bg4 12. Nbd2 Qb6 13. h3 fxe5 14. hxg4 Nxg4 15. Nc4 dxc4 16. Qxc4+ Kh8 17. Qe6 Rf5 {½-½ (64) Vidit,S (2707)-Gelfand,B (2695) Poikovsky 2018}) 11... Nf5 12. Nc3 Qd6 13. Qe2 {LiveBook: 4 Partien} c5 14. Nb5 Qb6 15. dxc5 Qxc5 16. Bf4 {Mit der Idee Sc7.} Ba6 17. a4 Rfd8 $146 ({Vorgänger:} 17... h5) 18. Rec1 Qb4 $1 {[%cal Rb4f4]} 19. Qd2 Qxd2 20. Bxd2 {Schwarz sollte Sc7 verhindern.} Bxb5 21. axb5 Nd6 22. Rc7 {und nun wäre Sd4 stark für Weiss.} Nxb5 23. Rxe7 Rab8 24. Bf4 Rb6 25. Rd7 Re8 {Die Stellung ist ausgeglichen.} 26. Be3 Rbxe6 27. Rxd5 a6 28. g4 Rc6 29. h3 {Precision: Weiß = 48%, Schwarz = 65%.} 1/2-1/2

[Event "CZE-tht Extraliga 2018-19"]
[Site "Czech Republic"]
[Date "2018.11.04"]
[Round "2"]
[White "Biolek, Richard Jr."]
[Black "Michalik, Peter"]
[Result "*"]
[WhiteElo "2455"]
[BlackElo "2555"]
[Annotator "TA"]
[PlyCount "37"]
[EventDate "2018.11.03"]
[EventType "team-tourn"]
[EventCountry "CZE"]
[SourceTitle "playchess.com"]
[Source "ChessBase"]
[SourceQuality "1"]
[WhiteTeam "Labortech Ostrava"]
[BlackTeam "Siesta Solution Unichess A"]

{[%evp 29,37,-14,-17,-51,-47,-45,4,8,135,115]} 1. e4 c5 2. Nf3 Nc6 3. d4 cxd4 4. Nxd4 Nf6 5. Nc3 e5 6. Ndb5 d6 7. Nd5 Nxd5 8. exd5 Nb8 9. c4 Be7 10. Be2 O-O 11. O-O Nd7 12. Kh1 a6 13. Nc3 f5 14. f4 Bf6 15. Qc2 g6 {LiveBook: 18 Games. B33: Sicilian: Pelikan and Sveshnikov Variations} (15... exf4 16. Bxf4 Be5 17. Qd2 Bxf4 18. Rxf4 Ne5 19. Raf1 Bd7 20. Qd4 Rc8 21. g4 g6 22. Ne4 Qe7 23. gxf5 Rxf5 24. Ng3 Rxf4 25. Qxf4 {½-½ (64) Apicella,M (2532)-Krasenkow,M (2642) Haguenau 2013}) 16. g3 {[%cal Bg2g3,Bg3g4,Bg4f5][%mdl 32]} b6 17. Be3 Bb7 $146 ({Predecessor:} 17... exf4 18. gxf4 Re8 19. Bf2 Nc5 20. Bf3 Bd7 21. Rac1 a5 22. b3 Rc8 23. Bg2 {½-½ (45) Danzanvilliers,P (2263)-Dorer,M (2349) ICCF email 2015}) 18. g4 e4 (18... Qe7 $11 {keeps the balance.}) 19. gxf5 *

[Event "CZE-tht Extraliga 2018-19"]
[Site "Czech Republic"]
[Date "2018.11.04"]
[Round "2"]
[White "LAB4 Biolek Richard Jr. IM"]
[Black "UNA2 Michalik Peter GM"]
[Result "1/2-1/2"]
[WhiteElo "2455"]
[BlackElo "2555"]
[Annotator "TA"]
[PlyCount "37"]
[EventDate "2018.11.03"]
[EventType "team-tourn"]
[EventCountry "CZE"]
[SourceTitle "playchess.com"]
[Source "ChessBase"]
[SourceQuality "1"]
[WhiteTeam "Labortech Ostrava"]
[BlackTeam "Siesta Solution Unichess A"]

{[%evp 29,37,-16,-19,-44,-43,-49,31,23,125,127]} 1. e4 c5 2. Nf3 Nc6 3. d4 cxd4 4. Nxd4 Nf6 5. Nc3 e5 6. Ndb5 d6 7. Nd5 Nxd5 8. exd5 Nb8 9. c4 Be7 10. Be2 O-O 11. O-O Nd7 12. Kh1 a6 13. Nc3 f5 14. f4 Bf6 15. Qc2 g6 {LiveBook: 18 Games. B33: Sicilian: Pelikan and Sveshnikov Variations} (15... exf4 16. Bxf4 Be5 17. Qd2 Bxf4 18. Rxf4 Ne5 19. Raf1 Bd7 20. Qd4 Rc8 21. g4 g6 22. Ne4 Qe7 23. gxf5 Rxf5 24. Ng3 Rxf4 25. Qxf4 {½-½ (64) Apicella,M (2532)-Krasenkow,M (2642) Haguenau 2013}) 16. g3 {[%cal Bg2g3,Bg3g4,Bg4f5][%mdl 32]} b6 17. Be3 Bb7 $146 (17... exf4 $15 18. Bxf4 Ne5) ({Predecessor:} 17... exf4 18. gxf4 Re8 19. Bf2 Nc5 20. Bf3 Bd7 21. Rac1 a5 22. b3 Rc8 23. Bg2 {½-½ (45) Danzanvilliers,P (2263)-Dorer,M (2349) ICCF email 2015}) 18. g4 $14 e4 (18... Qe7 $11 {remains equal.}) 19. gxf5 1/2-1/2

[Event "CZE-tht Extraliga 2018-19"]
[Site "Czech Republic"]
[Date "2018.11.04"]
[Round "2"]
[White "Jirovsky, Milos"]
[Black "Cerveny, Martin"]
[Result "1-0"]
[WhiteElo "2444"]
[BlackElo "2329"]
[Annotator "TA"]
[PlyCount "107"]
[EventDate "2018.11.03"]
[EventType "team-tourn"]
[EventCountry "CZE"]
[SourceTitle "playchess.com"]
[Source "ChessBase"]
[SourceQuality "1"]
[WhiteTeam "GASCO Pardubice"]
[BlackTeam "ŠK DURAS BVK Královo Pole"]

{[%evp 18,107,35,24,24,13,16,-9,0,12,47,0,108,40,127,117,144,129,137,127,138,140,145,149,184,141,210,210,196,202,250,251,251,247,247,231,279,280,270,256,285,293,275,239,219,218,229,234,223,225,225,222,220,208,223,211,297,300,293,289,274,285,285,230,306,304,488,480,806,777,722,601,1554,1471,2406,1970,1720,1713,29970,29971,6625,12736,29970,29968,5608,4614,29979,29980,29982,29982,29982,29983]} 1. c4 c6 2. Nf3 d5 3. e3 Nf6 4. Nc3 a6 5. b3 g6 6. Bb2 {A11: Reti-Eröffnung} Bg7 7. Be2 O-O 8. O-O Bg4 9. h3 Bxf3 10. Bxf3 {LiveBook: 3 Partien} (10. gxf3 d4 $17) 10... e5 $146 ({Vorgänger:} 10... e6 11. d3 Nbd7 12. Qc2 Rc8 13. Rad1 {1-0 (63) Kaidanov,G (2577)-Zhou,W (2616) Ningbo 2013}) 11. Rc1 Re8 12. g3 h5 13. Bg2 h4 14. g4 e4 (14... d4 $11 {bleibt in der Remisbreite.} 15. Ne2 d3) 15. f4 (15. Rc2 $16) 15... dxc4 (15... Nbd7 $14) 16. bxc4 $16 Nbd7 17. Ba3 Qa5 {[#]} 18. Qb3 $1 Rad8 19. Bb4 Qb6 20. g5 Nh5 21. Nxe4 {Droht stark Sd6.} Rxe4 (21... a5 $16) 22. Bxe4 $18 Ng3 23. c5 Nxc5 24. Bxc5 Qxb3 25. axb3 Nxe4 26. d4 f5 27. gxf6 Bxf6 28. Kg2 Kf7 29. Bb4 Ke6 30. Ra1 c5 31. Kf3 {Und La5 würde nun gewinnen.} (31. dxc5 Bxa1 32. Rxa1 Rd3 $14) 31... Kf5 32. Bxc5 {Droht Lb4 und aus.} ({Nicht} 32. dxc5 Bxa1 33. Rxa1 g5 $11) 32... Nd2+ 33. Ke2 Nxf1 34. Rxf1 {[%mdl 4096] Endspiel KTL-KTL} ({Finger weg von} 34. Kxf1 $6 Rc8 $16) 34... Ke4 35. Rg1 Rg8 36. Rg4 b6 (36... Bd8 $142 37. Bd6 Rg7) 37. Bxb6 Rb8 {[#]} 38. f5+ $1 Kxf5 39. e4+ {[%cal Be3e4,Be4e5][%mdl 32]} Ke6 40. d5+ ({Schwächer ist} 40. Rxg6 Kf7 $15) 40... Kf7 41. Bc7 Rxb3 $2 (41... Rc8) 42. e5 Rc3 (42... g5 $142 43. exf6 Kxf6 44. Bd8+ Ke5 45. Rxg5+ Kd6) 43. Rf4 Rxc7 44. Rxf6+ {KT-KT} Ke8 {und die Idee ...Tc5 ließe Schwarz weiter hoffen.} 45. Kd3 g5 46. Rxa6 Rc1 47. Ke4 g4 48. hxg4 h3 49. Rh6 Rh1 50. Kf5 Kf7 51. g5 {[%cal Bg4g5,Bg5g6][%mdl 32]} h2 52. g6+ {Weiß setzt Matt.} Kg8 53. Ke6 Kg7 54. Rh3 {Precision: Weiß = 81%, Schwarz = 39%.} 1-0